书目信息 |
| 题名: |
如何带孩子去博物馆欣赏艺术品
|
|
| 作者: | 宗跃风 著 | |
| 分册: | ||
| 出版信息: | 重庆 西南师范大学出版社 2019.06 |
|
| 页数: | 120页 | |
| 开本: | 26cm | |
| 丛书名: | 家庭美育丛书 | |
| 单 册: | ||
| 中图分类: | J051 , G78 | |
| 科图分类: | ||
| 主题词: | 博物馆--bo wu guan--艺术品--鉴赏--基本知识 , 美育--mei yu--儿童教育--家庭教育 | |
| 电子资源: | ||
| ISBN: | 978-7-5621-9749-2 | |
| 000 | 01069nam0 2200277 450 | |
| 001 | 2369174828 | |
| 005 | 20231123191306.40 | |
| 010 | @a978-7-5621-9749-2@dCNY45.00 | |
| 100 | @a20191216d2019 em y0chiy50 ea | |
| 101 | 0 | @achi |
| 102 | @aCN@b500000 | |
| 105 | @aa z 000yy | |
| 200 | 1 | @a如何带孩子去博物馆欣赏艺术品@Aru he dai hai zi qu bo wu guan xin shang yi shu pin@f宗跃风著 |
| 210 | @a重庆@c西南师范大学出版社@d2019.06 | |
| 215 | @a120页@c彩图@d26cm | |
| 225 | 2 | @a家庭美育丛书@Ajia ting mei yu cong shu |
| 314 | @a宗跃风, 中学高级教师, 厦门市英才学校小学部教师发展中心副主任。 | |
| 330 | @a本书为《家庭美育丛书》的一本, 本书共九章, 每个章节由一个问题构成, 并通过对“为什么要带孩子去博物馆欣赏艺术品”等9个问题的回答, 阐述作者在家庭美术教育中对游览博物馆的思考。 | |
| 410 | 0 | @12001 @a家庭美育丛书 |
| 606 | 0 | @a博物馆@Abo wu guan@x艺术品@x鉴赏@x基本知识 |
| 606 | 0 | @a美育@Amei yu@x儿童教育@x家庭教育 |
| 690 | @aJ051@v5 | |
| 690 | @aG78@v5 | |
| 701 | 0 | @a宗跃风@Azong yue feng@4著 |
| 801 | @aCN@b山东中教@c20231121 | |
| 905 | @aBZT@dJ051@e12 | |
| 如何带孩子去博物馆欣赏艺术品/宗跃风著.-重庆:西南师范大学出版社,2019.06 |
| 120页:彩图;26cm.-(家庭美育丛书) |
| ISBN 978-7-5621-9749-2:CNY45.00 |
| 本书为《家庭美育丛书》的一本, 本书共九章, 每个章节由一个问题构成, 并通过对“为什么要带孩子去博物馆欣赏艺术品”等9个问题的回答, 阐述作者在家庭美术教育中对游览博物馆的思考。 |
| ● |
| 相关链接 |
|
|
|
正题名:如何带孩子去博物馆欣赏艺术品
索取号:J051/12
 
预约/预借
| 序号 | 登录号 | 条形码 | 馆藏地/架位号 | 状态 | 备注 |
| 1 | 2001046559 | 2001046559 | 中教第一批/山东中教(第一批)/483/ [索取号:J051/12] | 在馆 | |
| 2 | 2001046560 | 2001046560 | 中教第一批/山东中教(第一批)/483/ [索取号:J051/12] | 在馆 | |
| 3 | 2001046561 | 2001046561 | 中教第一批/山东中教(第一批)/483/ [索取号:J051/12] | 在馆 | |
| 4 | 2001046562 | 2001046562 | 中教第一批/山东中教(第一批)/483/ [索取号:J051/12] | 在馆 | |
| 5 | 2001046563 | 2001046563 | 中教第一批/山东中教(第一批)/483/ [索取号:J051/12] | 在馆 | |
| 6 | 2001046564 | 2001046564 | 中教第一批/山东中教(第一批)/483/ [索取号:J051/12] | 在馆 |